Survey of reasons for moving (Record no. 117292)
[ view plain ]
| 000 -LEADER | |
|---|---|
| fixed length control field | 01220cam a2200229 4500 |
| 001 - CONTROL NUMBER | |
| control field | WB4017-12 |
| 008 - FIXED-LENGTH DATA ELEMENTS--GENERAL INFORMATION | |
| fixed length control field | 040505n2004 000 0 eng u |
| 035 ## - SYSTEM CONTROL NUMBER | |
| System control number | (Sirsi) u126100 |
| 245 ## - TITLE STATEMENT | |
| Title | Survey of reasons for moving |
| 260 ## - PUBLICATION, DISTRIBUTION, ETC. | |
| Date of publication, distribution, etc. | 2004 |
| 490 ## - SERIES STATEMENT | |
| Series statement | Alliance and Leicester Press Release |
| Volume/sequential designation | (090/04/SL) 1 May 2004 (5) |
| 520 ## - SUMMARY, ETC. | |
| Summary, etc. | Alliance and Leicester building society has released the findings of its "Movingimproving index", which concludes almost 17% of single people plan to buy a property within the next two years, driving UK housing demand. Overall demand remains stable, with 12% planning to move in the next two years, unchanged since autumn 2003. Tables give figures for national and regional trends for plans to move and reasons for moving, broken down by gender and region. More information is available from t +44 (0)116 200 4047. http://www.alliance-leicester-group.co.uk/non-html /loader.asp?d=media&p=latest-press-releases.asp&s= 1 |
| 590 ## - LOCAL NOTE (RLIN) | |
| Local note | WB |
| 590 ## - LOCAL NOTE (RLIN) | |
| Local note | WB |
| 650 ## - SUBJECT ADDED ENTRY--TOPICAL TERM | |
| Topical term or geographic name entry element | HOUSING STATISTICS |
| 650 ## - SUBJECT ADDED ENTRY--TOPICAL TERM | |
| Topical term or geographic name entry element | HOUSING SURVEY |
| 650 ## - SUBJECT ADDED ENTRY--TOPICAL TERM | |
| Topical term or geographic name entry element | MOVING HOUSE |
| 650 ## - SUBJECT ADDED ENTRY--TOPICAL TERM | |
| Topical term or geographic name entry element | HOUSING DEMAND |
| 650 ## - SUBJECT ADDED ENTRY--TOPICAL TERM | |
| Topical term or geographic name entry element | ALLIANCE AND LEICESTER MOVINGIMPROVING INDEX |
| 690 ## - LOCAL SUBJECT ADDED ENTRY--TOPICAL TERM (OCLC, RLIN) | |
| Topical term or geographic name as entry element | HOUSING-MARKET |
| 942 ## - ADDED ENTRY ELEMENTS (KOHA) | |
| Suppress in OPAC | 0 |
| Withdrawn status | Lost status | Source of classification or shelving scheme | Damaged status | Not for loan | Home library | Current library | Shelving location | Date acquired | Total Checkouts | Full call number | Barcode | Date last seen | Copy number | Price effective from | Koha item type |
|---|---|---|---|---|---|---|---|---|---|---|---|---|---|---|---|
| Dewey Decimal Classification | London | London | News article | 05/05/2004 | WB4017-12 | 126100-1001 | 06/08/2019 | 1 | 06/08/2019 | News article |